Các pháp lệnh của Ủy ban Thường vụ Quốc hội khóa IX (Từ tháng 2/1993 đến tháng 6/1996)
Giới thiệu các văn bản pháp lệnh của uỷ ban thường vụ Quốc hội khoá 9 từ tháng 2-1993 đến tháng 6-1996.
Na minha lista:
| Formato: | Livro |
|---|---|
| Idioma: | Undetermined |
| Publicado em: |
Hà Nội
Chính trị Quốc gia
1996
|
| Assuntos: | |
| Tags: |
Adicionar Tag
Sem tags, seja o primeiro a adicionar uma tag!
|
| Thư viện lưu trữ: | Trung tâm Học liệu Trường Đại học Cần Thơ |
|---|
| LEADER | 00771nam a2200193Ia 4500 | ||
|---|---|---|---|
| 001 | CTU_21883 | ||
| 008 | 210402s9999 xx 000 0 und d | ||
| 020 | |c 64000 | ||
| 082 | |a 340.597 | ||
| 082 | |b C101 | ||
| 245 | 0 | |a Các pháp lệnh của Ủy ban Thường vụ Quốc hội khóa IX | |
| 245 | 0 | |b (Từ tháng 2/1993 đến tháng 6/1996) | |
| 260 | |a Hà Nội | ||
| 260 | |b Chính trị Quốc gia | ||
| 260 | |c 1996 | ||
| 520 | |a Giới thiệu các văn bản pháp lệnh của uỷ ban thường vụ Quốc hội khoá 9 từ tháng 2-1993 đến tháng 6-1996. | ||
| 650 | |a Vietnamese laws | ||
| 904 | |i Nguyễn Quang Điền, Giang sửa | ||
| 980 | |a Trung tâm Học liệu Trường Đại học Cần Thơ | ||